| 000 | 01018nam a2200265 a 4500 | ||
|---|---|---|---|
| 001 | BRCA_7482 | ||
| 005 | 20190320205843.0 | ||
| 008 | 250413s1836----fr-abc####---#000-0#fre-# | ||
| 041 | _afre | ||
| 044 | _afr | ||
| 050 | 4 |
_aQ115 _b.V69 1836 |
|
| 245 | 1 | 0 |
_aVoyage pittoresque dans les deux Ameriques, _brésumé général de tous les voyages _cpar les redacteurs du voyage pittoresque autour du monde ; publie sous la direction de Alcide D´Orbigny ; gravures de MM. de Sainson et Jules Boilly. |
| 260 |
_aParís _bL. Tenré _c1836 |
||
| 300 |
_axvi, 568 p. _bil., 67 láminas, mapas, retratos _c28 cm. |
||
| 500 | _aIncluye índice analítico | ||
| 500 | _aR10 | ||
| 650 | 1 | 4 |
_aExpediciones científicas _zAmérica del Sur _918418 |
| 650 | 1 | 4 |
_aViajes y travesías _94701 |
| 651 | 4 |
_aAmérica del Sur _xDescripción y viajes _98178 |
|
| 700 | 1 |
_aD´Orbigny, Alcide Dessalines _d1802-1857 _918419 |
|
| 700 | 1 |
_aSainson, MM. de _eil. _918420 |
|
| 700 | 1 |
_aBoilly, Jules _eil. _918421 |
|
| 902 | _aGFM | ||
| 942 |
_2lcc _cB |
||
| 999 |
_c7157 _d7157 |
||